|
|
|
|
| LEADER |
00000nab a2200000 ar4500 |
| 001 |
vtls010200604 |
| 003 |
SK-MaSNL |
| 005 |
20260303091715.0 |
| 008 |
101230c2010 xo mr|p|||||||000 b|slo |
| 015 |
|
|
|a SNBRB2010/12
|2 snsk
|
| 038 |
|
|
|a SNSK
|
| 040 |
|
|
|a SNSK
|b slo
|c SNSK
|e AACR2
|
| 041 |
|
|
|a slo
|
| 044 |
|
|
|a xo
|c SK
|
| 080 |
|
|
|a 908
|x (519.3)
|2 2001
|
| 100 |
1 |
|
|a Navrátil, Martin,
|d 1980-
|4 pht
|4 aut
|9 208644
|
| 245 |
1 |
0 |
|a Cesta do minulosti
|b Severná Kórea je krajina, kde tiež žijú ľudia
|c Martin Navratil
|
| 300 |
|
|
|b Fotogr.
|
| 651 |
|
7 |
|a Kórea
|2 snsk
|9 21653
|
| 655 |
|
7 |
|a reportáže
|2 snsk
|9 28856
|
| 773 |
0 |
|
|t Život
|g Roč. 60, č. 51 (2010), s. 54-57
|x 0139-6323
|
| 852 |
|
|
|a SNSK
|b KIS3GCP
|
| 856 |
|
|
|u http://zivot.lesk.cas.sk/clanok/8573/severna-korea-krajina-ktora-sa-povazuje-za-stelesnenie-zla.html
|
| 958 |
|
|
|a KP
|
| 999 |
|
|
|c 1809005
|d 1810935
|